000 00748nam a2200241Ia 4500
003 OSt
005 20220926020442.0
006 a|||||r|||| 00| 0
007 ta
008 220923b |||||||| |||| 00| 0 eng d
020 _a9781138283664
_c4609.96
037 _b3136, 06/03/2019, The Bookseller
_cGeneral Book
040 _aRTL
_cRTL
_beng
041 _2eng
_aeng
082 _aY:6.1, Q7
100 _aBORDONI Carlo
_9324494
245 0 _aState of fear
_b In a liquid world
260 _aNew York
_bRoutledge
_c2017
300 _axii,121p.
_ccm.
500 _aGlossary:p 346-356; Bibliography chapterwise
942 _hY:6.1, Q7
_cGB
_2CC
999 _c634297
_d634297